Các hợp chất thiên nhiên có hoạt tính sinh học phòng chống một số bệnh cho người và vật nuôi

Giới thiệu các loại hợp chất thiên nhiên có trong cây cỏ, động vật, vi sinh vật dùng làm thuốc như Flavonoid, glucozid, saponin, terpenoid, ancaloid, poniphenol, kháng sinh, enzym, vitamin, tinh dầu...; Thư mục: tr. 189-190

保存先:
書誌詳細
第一著者: Đái, Duy Ban
その他の著者: Viện Hàn lâm Khoa học và Công nghệ Việt Nam
フォーマット: 図書
言語:Undetermined
出版事項: H. Khoa học Tự nhiên và Công nghệ 2008
主題:
オンライン・アクセス:http://lrc.tdmu.edu.vn/opac/search/detail.asp?aID=2&ID=41703
タグ: タグ追加
タグなし, このレコードへの初めてのタグを付けませんか!
Thư viện lưu trữ: Trung tâm Học liệu Trường Đại học Thủ Dầu Một
LEADER 01132nam a2200217Ia 4500
001 TDMU_41703
008 210410s9999 xx 000 0 und d
082 |a 660.65 
090 |b Đ103 
100 |a Đái, Duy Ban 
245 0 |a Các hợp chất thiên nhiên có hoạt tính sinh học phòng chống một số bệnh cho người và vật nuôi 
245 0 |c Đái Duy Ban 
260 |a H. 
260 |b Khoa học Tự nhiên và Công nghệ 
260 |c 2008 
300 |a 190tr. 
520 |a Giới thiệu các loại hợp chất thiên nhiên có trong cây cỏ, động vật, vi sinh vật dùng làm thuốc như Flavonoid, glucozid, saponin, terpenoid, ancaloid, poniphenol, kháng sinh, enzym, vitamin, tinh dầu...; Thư mục: tr. 189-190 
650 |a Thuốc  |x Dược phẩm  |x Hợp chất tự nhiên 
700 |a Viện Hàn lâm Khoa học và Công nghệ Việt Nam 
856 |u http://lrc.tdmu.edu.vn/opac/search/detail.asp?aID=2&ID=41703 
980 |a Trung tâm Học liệu Trường Đại học Thủ Dầu Một